| 000 | 00310nam a22001217a 4500 | ||
|---|---|---|---|
| 020 | _aNA | ||
| 082 |
_222 _a621.381521 |
||
| 100 | _aKraus D Allan. | ||
| 245 | _aAllans Circuit problem / | ||
| 260 |
_aOxford University press, _bOxford University press, _cc2001 |
||
| 300 |
_a546 p,; _bNA _c24cm. |
||
| 942 |
_2ddc _cEE |
||
| 999 |
_c2587 _d2587 |
||